The Dead Sea, a new route to India: With other fragments and gleanings in the East, by Captain William Allen, R.N., F.R.S., F.R.G.S., &c. &c. In two volumes. Vol. I, Vol. II
Salvato in:
| Autore principale: | |
|---|---|
| Natura: | Libro |
| Lingua: | inglese |
| Pubblicazione: |
Londres
Longman, Brown, Green, and Longmans
1855
|
| Edizione: | 1a. ed |
| Soggetti: | |
| Tags: |
Aggiungi Tag
Nessun Tag, puoi essere il primo ad aggiungerne!!
|
MARC
| LEADER | 00000nam a2200000 a 4500 | ||
|---|---|---|---|
| 001 | UCJ5583 | ||
| 003 | CL-VaPUC | ||
| 008 | 070124e18550000UK |||||||||||||||||eng|d | ||
| 082 | 0 | 4 | |a 910.4 |b ALL |2 21 |
| 100 | 0 | |a Allen, William |e author |9 510924 | |
| 245 | 1 | 4 | |a The Dead Sea, a new route to India: With other fragments and gleanings in the East, by Captain William Allen, R.N., F.R.S., F.R.G.S., &c. &c. In two volumes. Vol. I, Vol. II |
| 250 | |a 1a. ed | ||
| 300 | |a xxiii, 758 p | ||
| 942 | |c BK | ||
| 945 | |d 20070124 00:00:00 |a rinostro | ||
| 260 | |a Londres |b Longman, Brown, Green, and Longmans |c 1855 | ||
| 500 | |a Dos tomos en un volumen.- Falta mapa. Ilustraciones conforme al índice | ||
| 650 | 0 | |a Arqueología |9 265619 | |
| 650 | 0 | |a Geografía |9 259346 | |
| 650 | 0 | |a Viajes |9 257115 | |
| 650 | 0 | |a Antropología |9 233030 | |
| 650 | 0 | |a Cultura |9 269059 | |
| 650 | 0 | |a Misioneros |9 324171 | |
| 650 | 7 | |a CATACUMBAS |2 CL-VaPUC |9 510925 | |
| 650 | 0 | |a Monumentos |9 265246 | |
| 650 | 0 | |a Tumbas |9 314056 | |
| 650 | 0 | |a Oceanografía |9 260014 | |
| 650 | 0 | |a Geografía bíblica |9 313694 | |
| 650 | 0 | |a Judíos |9 313771 | |
| 650 | 7 | |a TURCOS |2 CL-VaPUC |9 320945 | |
| 650 | 0 | |a Mapas |9 260844 | |
| 650 | 0 | |a Ilustraciones |9 369481 | |
| 650 | 7 | |a EX LIBRIS |2 CL-VaPUC |9 505186 | |
| 650 | 7 | |a REPARAR |2 CL-VaPUC |9 505844 | |
| 651 | 0 | |a Mar Muerto |9 428191 | |
| 651 | 7 | |a JERUSALEM |2 CL-VaPUC |9 389418 | |
| 651 | 7 | |a TIERRA SANTA |2 CL-VaPUC |9 507506 | |
| 583 | |a last modification |c 20070124 00:00:00 |k Rodrigo Vera | ||
| 999 | |c 321692 |d 321690 | ||
| 952 | |0 0 |1 0 |4 0 |6 910_400000000000000_ALL_1855 |7 0 |8 X |9 400506 |a FDOBUD |b FDOBUD |d 2019-11-22 |i 1036696 |o 910.4 ALL 1855 |p 1036696 |r 2019-11-22 |w 2019-11-22 |y BK_X |k BUD | ||